01655nam a2200265Ia 4500001000600000003000900006008004100015040001300056040001300069041001300082100002100095100002800116240003200144240003500176245007600211245007500287250001100362260001100373260001700384260004900401300004100450500082800491650003901319650003101358E5520IT-RoPAU130308s9999 xx 000 0 und d aIT-RoPAU cIT-RoPAU aITALIANO aHavelock Eric A. gCodice Aut. SPICS: 82 aORIGINS OF western LITERACY gCodice Tit. Orig. Spics: T3072 aDalla a alla z: le origini della civiltà della scrittura in occidente bDalla a Alla Z: le Origini della Civilta' della Scrittura in Occidente a1a ed. aGENOVA bIl Melangolo c1993 [1° Ed.:1993 - Ed.Ling.Originale:1976] a"90 p. (prefazione: no ; testo: 90)" aQuattro conferenze Tenute a toronto Il 25, 26, 27 e 28 Marzo 1974. Suono Pronunciato e Segno Scritto: Illetterato, Non Alfabetizzato, Pre Alfabetizzazione presso I Greci, Simboli Numerici contro Segni Linguistici, Parlare contro Leggere, Diversi Singificati della Parola Scrivere, Priorità della Lettura Sulla Scrittura. I Sillabari Prima dell'invenzione Greca: Atto di Riconoscimento, Alfabeto o Sillabario, Alfabetizzazione e Letteratura, Come Latecnica Determina Il Contenuto. Alfabeto Greco: conseguenze dell'Invenzione. conseguenze dell'Alfabeto: Inevitabile Ambiguità Residua, Variante Latina, conflitti Fra Scritture, una Vera Cultura Letteraria nell'Età Classica, Lettura Prima dell'Introduzione della Stampa, Politica e Lafabeto, Alfabetizzazione Artimetica e Musicale, Culture Alfabetiche del Mondo Moderno. aSTORIA DELLA COMUNICAZIONE SOCIALE eCodice materia Spics: 3808